[Event "Coupe 2000"]
[Site "?"]
[Date "2003.02.16"]
[Round "2"]
[White "Damiano, Herve"]
[Black "Phan, Van-Chuong"]
[Result "1/2-1/2"]
[WhiteElo "1520"]
[BlackElo "1760"]
[Annotator "Ramonville/Muret"]
[PlyCount "128"]

1.d4 d5 2.c4 c6 3.Nc3 e5 4.dxe5 d4 5.Nb1 Qa5+ 6.Nd2 Qxe5 7.Ngf3 Qd6 8.g3 
Nf6 9.Bg2 Be7 10.Qb3 O-O 11.O-O Nbd7 12.Qc2 c5 13.Ne4 Nxe4 14.Qxe4 Nf6 15.
Qc2 g6 16.Rd1 Bf5 17.Qb3 Qb6 18.Nd2 Qxb3 19.Nxb3 Bc2 20.Re1 Ne4 21.Bh6 
Rfe8 22.Nd2 Nd6 23.Rac1 Bf5 24.e4 Be6 25.Bf4 Rab8 26.Rc2 b5 27.cxb5 Rxb5 
28.e5 Nf5 29.Bc6 Reb8 30.Bxb5 Rxb5 31.b3 g5 32.g4 Ng7 33.Bg3 Bxg4 34.Kg2 
Ne6 35.f3 Bf5 36.Ne4 h5 37.Rc4 h4 38.Bf2 Nf4+ 39.Kg1 Nd3 40.Re2 Nxe5 41.
Ra4 Nxf3+ 42.Kg2 g4 43.Rxa7 Kf8 44.Ra8+ Kg7 45.Re8 Rb7 46.h3 Ng5 47.Nd2 
gxh3+ 48.Kh1 Bf6 49.Bxh4 Ra7 50.a4 d3 51.R2e3 Rd7 52.Bxg5 Bxg5 53.Rg3 f6 
54.Rc8 Kg6 55.Nc4 Be4+ 56.Kh2 d2 57.Nxd2 Rxd2+ 58.Kxh3 Bf5+ 59.Rg4 Rd3+ 
60.Kg2 Bxg4 61.Rxc5 Bf4 62.Rc4 Rd2+ 63.Kf1 Kf5 64.Ke1 Be3 1/2-1/2

[Event "Coupe 2000"]
[Site "?"]
[Date "2003.02.16"]
[Round "2"]
[White "Hegray, Charlie"]
[Black "Benedicto, Patrice"]
[Result "0-1"]
[WhiteElo "1450"]
[BlackElo "1499"]
[Annotator "Cahors/Montauban"]
[PlyCount "152"]

1.d4 d5 2.Nf3 Nf6 3.Nc3 Nc6 4.Bf4 a6 5.a3 e6 6.h3 Bd6 7.Ne5 O-O 8.e3 Nd7 
9.Nf3 Bxf4 10.exf4 f6 11.g4 f5 12.g5 Ne7 13.Qe2 Nb6 14.Ne5 Nc4 15.Nxc4 
dxc4 16.Qxc4 Ng6 17.O-O-O Nxf4 18.h4 b5 19.Qc5 Bb7 20.Rg1 Nd5 21.Nxd5 Bxd5
22.Bg2 Qd6 23.Bxd5 exd5 24.Qxd6 cxd6 25.Rde1 Rae8 26.f4 Re4 27.c3 Rxf4 28.
h5 Rg4 29.g6 hxg6 30.hxg6 Re4 31.Rd1 Rf6 32.Rd2 Rg4 33.Re1 Rfxg6 34.Re8+ 
Kh7 35.Rh2+ Rh6 36.Rxh6+ gxh6 37.Re7+ Rg7 38.Re6 Rg6 39.Re7+ Kg8 40.Ra7 
Re6 41.Rxa6 Kf7 42.Rb6 f4 43.Rb7+ Kf6 44.Rxb5 f3 45.Rb8 Kg7 46.Rb7+ Kg6 
47.Rb8 Kg5 48.Rg8+ Kf4 49.Rf8+ Ke3 50.b4 Ke2 51.b5 f2 52.b6 Re7 53.a4 
f1=Q+ 54.Rxf1 Kxf1 55.Kc2 Rb7 56.a5 h5 57.c4 dxc4 58.Kc3 d5 59.Kb4 h4 60.
Kc5 c3 61.Kc6 c2 62.Kxb7 c1=Q 63.Ka7 Qb2 64.b7 h3 65.b8=Q Qxb8+ 66.Kxb8 h2
67.a6 h1=Q 68.a7 Qh8+ 69.Kb7 Ke2 70.a8=Q Qxa8+ 71.Kxa8 Kd3 72.Kb7 Kxd4 73.
Kc6 Ke4 74.Kc5 d4 75.Kc4 Ke3 76.Kb3 d3 0-1

[Event "Coupe 2000"]
[Site "?"]
[Date "2003.02.16"]
[Round "3"]
[White "Pastorelli, Loic"]
[Black "Schegerin, Andre"]
[Result "1/2-1/2"]
[WhiteElo "1780"]
[BlackElo "1830"]
[Annotator "Muret/Albi"]
[PlyCount "101"]

1.b3 f5 2.Bb2 e6 3.Nf3 Nf6 4.e3 d5 5.c4 c6 6.Be2 Bd6 7.h3 Qe7 8.O-O O-O 9.
d4 f4 10.c5 Bc7 11.Bd3 Nbd7 12.b4 e5 13.dxe5 Nxe5 14.exf4 Nxd3 15.Qxd3 
Bxf4 16.Re1 Ne4 17.Nbd2 Bxd2 18.Nxd2 Qf7 19.Nxe4 dxe4 20.Qg3 Bf5 21.Rad1 
Rad8 22.a3 Bg6 23.Rd6 Rde8 24.Bd4 Re7 25.Rd1 Rfe8 26.Be3 Qf5 27.Rd8 Rxd8 
28.Rxd8+ Kf7 29.Qb8 Qe5 30.Rf8+ Ke6 31.Qd6+ Qxd6 32.cxd6 Rd7 33.Bf4 Bf7 
34.Rc8 Kd5 35.Rc7 Be6 36.Kf1 g5 37.Bxg5 Kxd6 38.Rxd7+ Bxd7 39.Ke2 Ke5 40.
Be3 a6 41.Kd2 Kd5 42.Kc3 b5 43.Kb3 Ke5 44.h4 Kd5 45.Bc5 Be6 46.g3 Bg4 47.
Kc3 h5 48.Kd2 Bf3 49.Ke3 Bg4 50.Kf4 Bf3 51.Ke3 1/2-1/2

[Event "Coupe 2000"]
[Site "?"]
[Date "2003.02.16"]
[Round "1"]
[White "Golic, Nadil"]
[Black "Uzcudun, Mikeldi"]
[Result "1/2-1/2"]
[WhiteElo "1950"]
[BlackElo "1920"]
[Annotator "Auch/Ramonville"]
[PlyCount "75"]

1.d4 Nf6 2.c4 g6 3.Nc3 Bg7 4.e4 d6 5.Nf3 O-O 6.Be2 e5 7.O-O Nc6 8.d5 Ne7 
9.b4 Ne8 10.Rb1 h6 11.Ne1 f5 12.f3 f4 13.c5 Rf7 14.Nd3 g5 15.Nb5 Bf8 16.
cxd6 cxd6 17.Bb2 Ng6 18.Na3 Rg7 19.Nc4 Qe7 20.b5 Nh4 21.Ncxe5 dxe5 22.Bxe5
Rf7 23.Bd4 Ng6 24.e5 Bg7 25.Bc5 Qd8 26.e6 Rc7 27.Qb3 Rxc5 28.Nxc5 Bd4+ 29.
Kh1 Bxc5 30.Qc2 Ne7 31.Qxc5 b6 32.Qc2 Qxd5 33.Rbd1 Qf5 34.Bd3 Qc5 35.Bc4 
Nd6 36.Rxd6 Qxd6 37.Qe4 Rb8 38.Bd3 1/2-1/2

[Event "Ste Foy-Blaye les Mines"]
[Site "?"]
[Date "2003.02.16"]
[Round "5"]
[White "Valat"]
[Black "Galby, Vassili"]
[Result "1-0"]
[WhiteElo "1450"]
[BlackElo "1299"]
[EventDate "2003.??.??"]
[PlyCount "101"]

1.d4 Nf6 2.c4 g6 3.Nc3 Bg7 4.e4 d6 5.Nf3 O-O 6.Bd3 Nbd7 7.Be3 b6 8.O-O Bb7
9.Qc1 Ng4 10.Bd2 c5 11.d5 Nge5 12.Be2 Re8 13.Bh6 Bh8 14.Ng5 f6 15.Ne6 Qc8 
16.Nb5 Nf8 17.Bxf8 Rxf8 18.Nbc7 Qd7 19.Nxf8 Qxc7 20.Ne6 Qd7 21.f4 Nf7 22.
h4 Nd8 23.Bg4 f5 24.exf5 Nxe6 25.fxg6 Nxf4 26.Qxf4 Bd4+ 27.Kh1 e5 28.dxe6 
Qe7 29.Qf7+ Qxf7 30.gxf7+ Kf8 31.Bf3 Rb8 32.Rae1 Ke7 33.Bxb7 Rf8 34.b3 h6 
35.g4 Bf6 36.g5 hxg5 37.hxg5 Bg7 38.Rf3 Rh8+ 39.Kg2 Rh5 40.Rg3 Rh8 41.Rh1 
Rb8 42.Bd5 a5 43.a4 Rf8 44.Rh7 Be5 45.Rg4 Bh8 46.Rhh4 Be5 47.g6 Bf6 48.Rh7
Bg7 49.Rxg7 Kf6 50.Rg8 Rxg8 51.fxg8=Q 1-0

[Event "Ste Foy-Blaye les Mines"]
[Site "?"]
[Date "2003.02.16"]
[Round "5"]
[White "Santoul, P."]
[Black "Mertin de la Moutte, Paul"]
[Result "1-0"]
[WhiteElo "1370"]
[BlackElo "1099"]
[EventDate "2003.??.??"]
[PlyCount "79"]

1.e4 c5 2.Bc4 Nf6 3.Nc3 Nc6 4.Nf3 g6 5.Ng5 e6 6.d3 Bg7 7.O-O d5 8.Bb5 Bd7 
9.Re1 O-O 10.Be3 d4 11.Bxd4 cxd4 12.Ne2 Ng4 13.Nf3 Rc8 14.a3 a6 15.Bxc6 
Bxc6 16.c3 dxc3 17.bxc3 Ne5 18.Ned4 Nxf3+ 19.Qxf3 Bxd4 20.cxd4 f5 21.Qh3 
Qxd4 22.Rad1 Ba4 23.Rd2 Qc3 24.Ree2 Bb5 25.Re3 Bxd3 26.g3 Rc4 27.exf5 Rxf5
28.Rxe6 Rh5 29.Re8+ Kg7 30.Qe6 Qf6 31.Rg8+ Kh6 32.Qxf6 Be4 33.Qf4+ Rg5 34.
h4 Rc5 35.hxg5+ Rxg5 36.Qxe4 b5 37.Qf4 a5 38.Qf8+ Kh5 39.Rd4 a4 40.Rh4# 
1-0

[Event "Ste Foy-Blaye les Mines"]
[Site "?"]
[Date "2003.02.16"]
[Round "5"]
[White "Moreau"]
[Black "Mejane"]
[Result "0-1"]
[WhiteElo "1199"]
[BlackElo "1360"]
[EventDate "2003.??.??"]
[PlyCount "42"]

1.c4 e6 2.Nf3 d5 3.d4 c5 4.Bf4 Nf6 5.e3 Nc6 6.Nc3 Qb6 7.b3 cxd4 8.exd4 Bb4
9.Qd2 Ne4 10.Qc1 Bxc3+ 11.Nd2 Bxa1 12.Qxa1 Nxd4 13.Qb1 Nf5 14.Be3 Nxe3 15.
fxe3 Qxe3+ 16.Be2 O-O 17.Rf1 e5 18.Rf3 Qg1+ 19.Bf1 Qxh2 20.Nxe4 dxe4 21.
Rh3 Bxh3 0-1

[Event "Ste Foy-Blaye les Mines"]
[Site "?"]
[Date "2003.02.16"]
[Round "5"]
[White "Lamata, Fabrice"]
[Black "Arlabosse, Nicolas"]
[Result "0-1"]
[WhiteElo "1450"]
[BlackElo "1580"]
[EventDate "2003.??.??"]
[PlyCount "140"]

1.e4 e5 2.Nc3 d6 3.Nf3 Nf6 4.Bc4 Be7 5.d3 c6 6.a3 h6 7.h3 Nbd7 8.Be3 c5 9.
Nd5 Nxd5 10.Bxd5 Rb8 11.Qd2 b6 12.g4 Bb7 13.Bxb7 Rxb7 14.g5 h5 15.h4 g6 
16.c3 Nb8 17.d4 Nc6 18.d5 Nb8 19.Nh2 Nd7 20.f4 Qc7 21.O-O O-O 22.f5 Rbb8 
23.Rf3 Qb7 24.Raf1 Qc7 25.Qf2 Rbe8 26.fxg6 fxg6 27.Qg2 Qd8 28.Qh3 Rxf3 29.
Qe6+ Kg7 30.Rxf3 Rf8 31.Rxf8 Nxf8 32.Qh3 Qd7 33.Qf1 Qa4 34.c4 Qc2 35.Bc1 
Qxe4 36.Nf3 Qg4+ 37.Kf2 e4 38.Qe2 Qxf3+ 39.Qxf3 exf3 40.Kxf3 Nd7 41.b4 
cxb4 42.axb4 Ne5+ 43.Ke4 Nxc4 44.Kd4 b5 45.Bf4 Bd8 46.Bh2 Bb6+ 47.Kc3 Bf2 
48.Bf4 Bxh4 49.Kd4 Be1 50.Kd3 Bxb4 51.Kc2 a5 52.Kb3 Bd2 53.Bxd6 Nxd6 54.
Kc2 a4 55.Kxd2 h4 56.Kd3 h3 57.Kd4 h2 58.Kc5 h1=Q 59.Kxd6 a3 60.Ke6 a2 61.
d6 Qe4+ 62.Kd7 Kf7 63.Kc7 Qe5 64.Kc6 Ke6 65.d7 Qd5+ 66.Kb6 Qxd7 67.Kc5 
Qd6+ 68.Kxb5 a1=Q 69.Kc4 Qdd4+ 70.Kb5 Qaa4# 0-1

[Event "Ste Foy-Blaye les Mines"]
[Site "?"]
[Date "2003.02.16"]
[Round "5"]
[White "Gayraud, Christian"]
[Black "Ajdari, Emmanuel"]
[Result "1-0"]
[WhiteElo "1530"]
[BlackElo "1510"]
[EventDate "2003.??.??"]
[PlyCount "45"]

1.e4 c5 2.d4 cxd4 3.c3 dxc3 4.Nxc3 Nc6 5.Nf3 d6 6.Bc4 e6 7.O-O Nf6 8.Qe2 
a6 9.Rd1 Qc7 10.Bf4 b5 11.Bb3 Bb7 12.Rac1 Nh5 13.Be3 Be7 14.Nd4 Nf6 15.
Nxc6 Bxc6 16.Nd5 exd5 17.exd5 Nxd5 18.Bxd5 Rc8 19.Bxc6+ Kd8 20.Bd5 Qd7 21.
Bxf7 Rf8 22.Bb6+ Rc7 23.Bxc7+ 1-0

[Event "Ste Foy-Blaye les Mines"]
[Site "?"]
[Date "2003.02.16"]
[Round "5"]
[White "Boulogne, L."]
[Black "Olle, Jean-Pierre"]
[Result "1/2-1/2"]
[WhiteElo "1620"]
[BlackElo "1840"]
[EventDate "2003.??.??"]
[PlyCount "59"]

1.c4 Nf6 2.g3 e6 3.Bg2 d5 4.e3 c6 5.d4 Bd6 6.b3 O-O 7.Bb2 Nbd7 8.f4 Re8 9.
Ne2 b6 10.Nbc3 Ba6 11.e4 dxe4 12.Nxe4 Nxe4 13.Bxe4 Rc8 14.Qc2 Nf6 15.Bf3 
Bb4+ 16.Bc3 Qd6 17.Bxb4 Qxb4+ 18.Qd2 Qxd2+ 19.Kxd2 Red8 20.Ke3 Kf8 21.g4 
Rc7 22.g5 Ne8 23.Rad1 Rdc8 24.Nc3 Ke7 25.h4 Bb7 26.h5 Nd6 27.Ne2 Nf5+ 28.
Kf2 Rd8 29.Rd3 Rcd7 30.Rhd1 1/2-1/2

[Event "Coupe 2000"]
[Site "?"]
[Date "2003.02.16"]
[Round "1"]
[White "Surre, Frederic"]
[Black "Alonso, Jesus"]
[Result "0-1"]
[WhiteElo "1740"]
[BlackElo "1850"]
[Annotator "Lardenne/Tournefeuille"]
[PlyCount "41"]

1.e4 e6 2.d4 d5 3.e5 c5 4.c3 Nc6 5.Nf3 Qb6 6.a3 f6 7.b4 cxb4 8.cxb4 Bd7 9.
Be3 O-O-O 10.Nc3 Nce7 11.Rc1 Kb8 12.exf6 gxf6 13.Bf4+ Ka8 14.Na4 Bxa4 15.
Qxa4 Nc6 16.Bb5 Nge7 17.O-O e5 18.dxe5 Ng6 19.Bxc6 Nxf4 20.Bd7 Ne2+ 21.Kh1
0-1

[Event "Coupe 2000"]
[Site "?"]
[Date "2003.02.16"]
[Round "2"]
[White "Cwiek, Loic"]
[Black "Fabre, Philippe"]
[Result "0-1"]
[WhiteElo "1960"]
[BlackElo "1710"]
[Annotator "Lardenne/Albi"]
[PlyCount "56"]

1.d4 Nf6 2.c4 g6 3.Nc3 Bg7 4.e4 d6 5.Bd3 O-O 6.Nge2 e5 7.O-O Nc6 8.d5 Ne7 
9.b4 a5 10.bxa5 Rxa5 11.Rb1 Nd7 12.Na4 f5 13.exf5 gxf5 14.f4 Nf6 15.Bd2 
Ra8 16.Nac3 b6 17.Ng3 e4 18.Bc2 Ng4 19.Qe2 Bd4+ 20.Kh1 Ng6 21.h3 Bd7 22.
Bb3 Qh4 23.Be1 Qh6 24.Qd2 Be3 25.Qb2 Nxf4 26.Bd2 Nxh3 27.Bxe3 Nhf2+ 28.Kg1
Qh2# 0-1

[Event "Coupe 2000"]
[Site "?"]
[Date "2003.02.16"]
[Round "2"]
[White "Partinico, Jeremy"]
[Black "Tarayre, Pascal"]
[Result "0-1"]
[WhiteElo "1650"]
[BlackElo "1870"]
[Annotator "Muret/Tournefeuille"]
[PlyCount "58"]

1.e4 c5 2.Nf3 d6 3.d4 cxd4 4.Nxd4 Nf6 5.Nc3 g6 6.Be3 Bg7 7.Qd2 O-O 8.f3 
Nc6 9.O-O-O d5 10.exd5 Nxd5 11.Nxc6 bxc6 12.Nxd5 cxd5 13.Qxd5 Qc7 14.Qxa8 
Bf5 15.Qxf8+ Kxf8 16.Bd3 Qe5 17.Bxf5 Qxe3+ 18.Kb1 Qb6 19.b3 gxf5 20.Rd2 
Bc3 21.Rd3 Qf6 22.a4 Ba1 23.Kc1 Bb2+ 24.Kd1 Qg5 25.Rd2 e5 26.h4 Qe7 27.Re1
Bc3 28.Rde2 Qa3 29.Re3 Qa1+ 0-1

[Event "Coupe 2000"]
[Site "?"]
[Date "2003.02.16"]
[Round "2"]
[White "Calatrava, Julian"]
[Black "Dols, Martin"]
[Result "1-0"]
[WhiteElo "1750"]
[BlackElo "1220"]
[Annotator "Condom/Moissac"]
[PlyCount "74"]

1.e4 e5 2.Nf3 Nc6 3.Bb5 d6 4.O-O Nf6 5.d4 Bd7 6.Re1 a6 7.Ba4 b5 8.Bb3 Be7 
9.c3 O-O 10.h3 b4 11.Nbd2 a5 12.Nf1 Qc8 13.Kh2 Be6 14.d5 Nb8 15.dxe6 Qxe6 
16.Bxe6 fxe6 17.Bg5 h6 18.Bxf6 Rxf6 19.Ng3 Na6 20.Nf5 exf5 21.Qd5+ Kh7 22.
Qxa8 Nc5 23.exf5 Rxf5 24.Qxa5 Nd3 25.Re3 Nxf2 26.Nd4 Rh5 27.Kg1 Bh4 28.Nf3
Bg3 29.Rf1 Bf4 30.Re2 Nxh3+ 31.gxh3 Rxh3 32.Rg2 Be3+ 33.Rff2 Bxf2+ 34.Rxf2
Rg3+ 35.Kf1 e4 36.Qf5+ Rg6 37.Nh4 e3 1-0

[Event "Coupe 2000"]
[Site "?"]
[Date "2003.02.16"]
[Round "1"]
[White "Camilleri, Herve"]
[Black "Chanel, Jean-Baptiste"]
[Result "1-0"]
[WhiteElo "1660"]
[BlackElo "1450"]
[Annotator "Muret/Cahors"]
[PlyCount "43"]

1.e4 e5 2.Nf3 d6 3.d4 exd4 4.Bc4 Bg4 5.O-O Be7 6.Re1 Nd7 7.c3 Ne5 8.Nxe5 
Bxd1 9.Nxf7 Qd7 10.Rxd1 b5 11.Bb3 c5 12.Bd5 Rc8 13.Nxh8 dxc3 14.Nxc3 c4 
15.Bxg8 Kf8 16.Bxh7 Qg4 17.Bf5 Qh5 18.Ng6+ Kf7 19.Nxe7 Rh8 20.Bg6+ Qxg6 
21.Nxg6 Kxg6 22.Rxd6+ 1-0

[Event "Coupe 2000"]
[Site "?"]
[Date "2003.02.16"]
[Round "1"]
[White "Legros, Jean-Luc"]
[Black "Gilabert, David"]
[Result "1-0"]
[WhiteElo "1880"]
[BlackElo "1700"]
[Annotator "Ramonville/Montauban"]
[PlyCount "65"]

1.e4 c6 2.d4 d5 3.e5 Bf5 4.Nf3 e6 5.Be2 c5 6.c3 c4 7.O-O f6 8.Re1 g5 9.
exf6 Qxf6 10.Nxg5 Ne7 11.Bh5+ Ng6 12.Nxe6 Bxe6 13.Bg4 Nd7 14.Rxe6+ Qxe6 
15.Bxe6 O-O-O 16.Bg5 Be7 17.Bxe7 Nxe7 18.Qg4 Ng6 19.Nd2 Rhf8 20.g3 Rf6 21.
Re1 Nf8 22.Bxd7+ Nxd7 23.Nf3 Kb8 24.Re7 Rg6 25.Rxd7 Rxg4 26.Rxd8+ Kc7 27.
Rxd5 Rg7 28.Rc5+ Kd6 29.Rxc4 b5 30.Rc8 h6 31.Ne5 Kd5 32.f3 a5 33.Rc5+ 1-0

[Event "Coupe 2000"]
[Site "?"]
[Date "2003.02.16"]
[Round "2"]
[White "Artis, Francois"]
[Black "Devecchi, Jorge"]
[Result "1-0"]
[WhiteElo "1740"]
[BlackElo "1499"]
[Annotator "Tournefeuille/Auch"]
[PlyCount "65"]

1.e4 c5 2.c3 e5 3.d4 cxd4 4.cxd4 Bb4+ 5.Bd2 Bxd2+ 6.Qxd2 exd4 7.Qxd4 Nc6 
8.Qxg7 Qf6 9.Qxf6 Nxf6 10.Nc3 b6 11.Nf3 Bb7 12.O-O-O O-O-O 13.h3 d6 14.g4 
Ne5 15.Nd2 d5 16.f4 Nxe4 17.Ncxe4 dxe4 18.fxe5 e3 19.Rh2 exd2+ 20.Rdxd2 
Rd5 21.Rc2+ Kd7 22.Rhf2 Rf8 23.Bg2 Rxe5 24.Bxb7 f5 25.gxf5 Kd6 26.Rc6+ Kd7
27.Rd2+ Ke7 28.Rc7+ Kf6 29.Bc8 Rc5+ 30.Rxc5 bxc5 31.Be6 Ke5 32.Rd5+ Kf4 
33.Rxc5 1-0

[Event "Coupe 2000"]
[Site "?"]
[Date "2003.02.16"]
[Round "1"]
[White "Dirat, Sylvain"]
[Black "Videau, Yannick"]
[Result "0-1"]
[WhiteElo "1760"]
[BlackElo "1880"]
[Annotator "Moissac/Lardenne"]
[PlyCount "88"]

1.d4 Nf6 2.Nc3 d5 3.Bf4 Bf5 4.e3 e6 5.Nf3 Nbd7 6.a3 Be7 7.Nb5 O-O 8.c4 c6 
9.Nd6 Bg4 10.Nxb7 Qb6 11.Bd6 Bxf3 12.gxf3 Bxd6 13.Nxd6 c5 14.dxc5 Nxc5 15.
b4 Qxd6 16.bxc5 Qxc5 17.Qd4 Qxd4 18.exd4 dxc4 19.Bxc4 Rfd8 20.Rd1 Rac8 21.
Bb5 Rc3 22.O-O Rxa3 23.Kg2 Ra5 24.Bc6 Ra6 25.Rc1 g6 26.Rfd1 Rc8 27.Bb7 
Rxc1 28.Rxc1 Rd6 29.Rc4 Nh5 30.Ra4 Nf4+ 31.Kf1 Rb6 32.Be4 Rd6 33.Ke1 Kg7 
34.Kd2 a5 35.Rxa5 Nd5 36.Bxd5 Rxd5 37.Rxd5 exd5 38.Ke3 Kf6 39.Kf4 h6 40.h4
h5 41.Kg3 Kf5 42.f4 Ke4 43.f3+ Kxd4 44.Kf2 Kd3 0-1

[Event "Coupe 2000"]
[Site "?"]
[Date "2003.02.16"]
[Round "1"]
[White "Hoareau, Nicolas"]
[Black "Cwiek, Loic"]
[Result "1-0"]
[WhiteElo "1960"]
[BlackElo "1960"]
[Annotator "Montauban/Lardenne"]
[PlyCount "59"]

1.c4 Nf6 2.Nc3 g6 3.e4 d6 4.d4 Bg7 5.Nf3 O-O 6.Be2 Nc6 7.O-O e5 8.d5 Ne7 
9.b4 Ne8 10.Nd2 f5 11.f3 f4 12.c5 g5 13.Nc4 Rf7 14.Bd2 Bf8 15.Be1 Nf6 16.
cxd6 cxd6 17.Bf2 Rg7 18.Nb5 Ng6 19.h3 h5 20.Bxa7 Bxh3 21.gxh3 Qd7 22.Nb6 
Qxh3 23.Rf2 Nh4 24.Qf1 Qg3+ 25.Kh1 g4 26.Nxa8 Nxe4 27.fxe4 f3 28.Qg1 Ng2 
29.Bf1 Qh4+ 30.Qh2 1-0

[Event "Coupe 2000"]
[Site "?"]
[Date "2003.02.16"]
[Round "3"]
[White "Rouqual, Olivier"]
[Black "Partinico, Jeremy"]
[Result "0-1"]
[WhiteElo "1500"]
[BlackElo "1650"]
[Annotator "Cahors/Muret"]
[PlyCount "96"]

1.e4 c5 2.Bc4 e6 3.Nf3 Nc6 4.d4 cxd4 5.Nxd4 Nf6 6.Nxc6 bxc6 7.Nc3 Bb4 8.
Bg5 h6 9.Bxf6 Qxf6 10.Qd3 Bxc3+ 11.Qxc3 Qxc3+ 12.bxc3 d5 13.exd5 cxd5 14.
Bb5+ Bd7 15.Bxd7+ Kxd7 16.Rb1 Rab8 17.Rb3 Rhc8 18.Rxb8 Rxb8 19.O-O Rc8 20.
Rb1 Rxc3 21.Rb7+ Rc7 22.Rxc7+ Kxc7 23.Kf1 Kc6 24.Ke2 Kc5 25.Kd3 Kb4 26.Kd4
Ka3 27.c4 dxc4 28.Kxc4 Kxa2 29.Kb5 Kb3 30.Ka6 Kc4 31.Kxa7 Kd3 32.Kb6 Ke2 
33.f4 g5 34.fxg5 hxg5 35.Kc5 Kf2 36.g4 Kf3 37.Kd4 Kxg4 38.Ke3 f5 39.Kf2 e5
40.Kg2 e4 41.Kf2 Kh3 42.Kg1 e3 43.Kf1 Kxh2 44.Ke2 f4 45.Kf3 e2 46.Kxe2 g4 
47.Kf2 g3+ 48.Kf1 g2+ 0-1

[Event "Coupe 2000"]
[Site "?"]
[Date "2003.02.16"]
[Round "3"]
[White "Forestie, Pierre"]
[Black "Pokee, Anne-Josephe"]
[Result "0-1"]
[WhiteElo "1810"]
[BlackElo "1710"]
[Annotator "Montauban/Auch"]
[PlyCount "76"]

1.e4 e5 2.Nf3 Nc6 3.Bc4 Bc5 4.Nc3 d6 5.d3 Nf6 6.Bg5 h6 7.Bh4 Be6 8.Nd5 Na5
9.Nxf6+ gxf6 10.Bxe6 fxe6 11.d4 exd4 12.Nxd4 Bxd4 13.Qxd4 e5 14.Qd5 Nc6 
15.Qe6+ Qe7 16.Qxf6 Qxf6 17.Bxf6 Rg8 18.Rg1 Nd4 19.Kd2 Rg6 20.Bh4 Rg4 21.
c3 Rxe4 22.cxd4 Rxd4+ 23.Ke3 Rxh4 24.Rac1 Kd7 25.h3 Rf4 26.g3 Rf6 27.Rc4 
Raf8 28.Rg2 d5 29.Rg4 c5 30.Rg7+ R8f7 31.Rg8 Ra6 32.a3 Rb6 33.f4 Rb3+ 34.
Ke2 Rxb2+ 35.Kf3 e4+ 36.Kg4 Rxg2 37.Rg6 e3 38.Kf3 e2 0-1

[Event "Coupe 2000"]
[Site "?"]
[Date "2003.02.16"]
[Round "3"]
[White "Lacroix, Romain"]
[Black "Hoareau, Nicolas"]
[Result "1/2-1/2"]
[WhiteElo "1840"]
[BlackElo "1960"]
[Annotator "Moissac/Montauban"]
[PlyCount "83"]

1.e4 e6 2.d4 d5 3.Nc3 Nf6 4.Bg5 Bb4 5.e5 h6 6.Bd2 Bxc3 7.bxc3 Ne4 8.Nf3 c5
9.Bb5+ Bd7 10.Bxd7+ Nxd7 11.O-O Nb6 12.dxc5 Nc4 13.Rb1 Ncxd2 14.Nxd2 Nxc3 
15.Qg4 Nxb1 16.Rxb1 Qc7 17.Qa4+ Qc6 18.Qb5 Qxb5 19.Rxb5 O-O-O 20.Nb3 d4 
21.Na5 d3 22.cxd3 Rxd3 23.Kf1 b6 24.cxb6 axb6 25.Rxb6 Rhd8 26.Nc4 Kc7 27.
Ra6 Rb8 28.Ra7+ Rb7 29.Rxb7+ Kxb7 30.Nd6+ Kc6 31.Nxf7 Rd2 32.Nh8 Kd5 33.
Ng6 Rxa2 34.g4 Ke4 35.Kg2 Ra3 36.h3 Rf3 37.Nh4 Rf7 38.Ng6 Kd3 39.Kg3 Kd2 
40.Nf4 g5 41.Nxe6 Re7 42.Nd4 1/2-1/2

[Event "Coupe 2000"]
[Site "?"]
[Date "2003.02.16"]
[Round "2"]
[White "Gilabert, David"]
[Black "Bonnaud, Rene"]
[Result "1-0"]
[WhiteElo "1700"]
[BlackElo "1360"]
[Annotator "Montauban/Cahors"]
[PlyCount "71"]

1.f4 e6 2.d4 d5 3.Nf3 Nf6 4.e3 Bd6 5.c4 c6 6.c5 Bc7 7.b4 O-O 8.Bd3 b6 9.
O-O Ba6 10.Nc3 Bxd3 11.Qxd3 b5 12.Bd2 a5 13.a3 a4 14.Be1 Qc8 15.Bh4 Nfd7 
16.Ne2 f5 17.Ng5 Nf6 18.Ng3 h6 19.Nf3 Qe8 20.Bxf6 Rxf6 21.Ne5 Bxe5 22.fxe5
Rf8 23.Rf2 g5 24.Raf1 Ra7 25.Qe2 Raf7 26.Nh5 Nd7 27.g4 Rh7 28.gxf5 exf5 
29.Rxf5 Rxf5 30.Rxf5 Qg6 31.Qg4 Rf7 32.Rxf7 Kxf7 33.Qxd7+ Kg8 34.Nf6+ Kh8 
35.Qd8+ Qg8 36.Qxg8# 1-0

[Event "Coupe 2000"]
[Site "?"]
[Date "2003.02.16"]
[Round "2"]
[White "Pastorelli, Loic"]
[Black "Golic, Nadil"]
[Result "0-1"]
[WhiteElo "1780"]
[BlackElo "1950"]
[Annotator "Muret/Auch"]
[PlyCount "70"]

1.b3 e5 2.Bb2 d6 3.e3 Ne7 4.Be2 Be6 5.Nf3 f6 6.c4 c6 7.Nc3 Nd7 8.d4 g6 9.
O-O Bg7 10.Ne4 Nc8 11.Ba3 d5 12.Nc5 Nxc5 13.Bxc5 e4 14.Nd2 Nd6 15.cxd5 
cxd5 16.Rc1 O-O 17.a4 Rf7 18.Bg4 f5 19.Be2 b6 20.Ba3 Ne8 21.Nb1 f4 22.Bg4 
Qd7 23.Bxe6 Qxe6 24.Kh1 f3 25.Rg1 Nd6 26.Rc6 Rd8 27.Nc3 Bf8 28.Nb5 a6 29.
Nxd6 Bxd6 30.Rxb6 Qe7 31.Bxd6 Rxd6 32.Rb8+ Kg7 33.g3 Qc7 34.Re8 Rc6 35.h3 
Qd7 0-1

[Event "Coupe 2000"]
[Site "?"]
[Date "2003.02.16"]
[Round "2"]
[White "Vitrou, Jonathan"]
[Black "Surre, Frederic"]
[Result "1/2-1/2"]
[WhiteElo "1850"]
[BlackElo "1740"]
[Annotator "Condom/Lardenne"]
[PlyCount "22"]

1.e4 e5 2.Nf3 Nc6 3.d4 exd4 4.Nxd4 Qh4 5.Qd3 Bc5 6.c3 Nf6 7.Nd2 Ng4 8.g3 
Qf6 9.Qf3 Bxd4 10.cxd4 Nxd4 11.Qxg4 Nc2+ 1/2-1/2

[Event "Coupe 2000"]
[Site "?"]
[Date "2003.02.16"]
[Round "2"]
[White "Uzcudun, Mikeldi"]
[Black "Canivet, Christophe"]
[Result "1/2-1/2"]
[WhiteElo "1920"]
[BlackElo "1800"]
[Annotator "Ramonville/Cahors"]
[PlyCount "69"]

1.d4 e6 2.e4 d5 3.e5 c5 4.c3 Nc6 5.Nf3 Qb6 6.a3 Nge7 7.b4 cxd4 8.cxd4 Nf5 
9.Be3 Be7 10.Bd3 Nfxd4 11.Bxd4 Nxd4 12.Nxd4 O-O 13.O-O g6 14.Bb5 a5 15.
bxa5 Rxa5 16.a4 f6 17.Nb3 Ra8 18.exf6 Bxf6 19.Ra2 Qd6 20.N1d2 Be5 21.Nf3 
Bc3 22.Rc2 Bg7 23.Re1 e5 24.Qd2 Bg4 25.Qg5 Bxf3 26.gxf3 Rxf3 27.Nd2 Rf5 
28.Qe3 Raf8 29.Nf1 d4 30.Qe4 Qf6 31.Ree2 Qd6 32.Bd3 Qd7 33.Bb5 Qd6 34.Bd3 
Qd7 35.Bb5 1/2-1/2

[Event "Coupe 2000"]
[Site "?"]
[Date "2003.02.16"]
[Round "1"]
[White "Reynes, Philippe"]
[Black "Damiano, Herve"]
[Result "1-0"]
[WhiteElo "1640"]
[BlackElo "1520"]
[Annotator "Lardenne/Ramonville"]
[PlyCount "73"]

1.d4 Nf6 2.e3 g6 3.f4 d6 4.Nf3 Bg7 5.Be2 O-O 6.O-O e6 7.c3 b6 8.a4 Bb7 9.
Bd2 a5 10.Na3 Nc6 11.Nc2 Ba6 12.b4 Bxe2 13.Qxe2 Re8 14.b5 Ne7 15.Na3 d5 
16.c4 Ne4 17.Rfc1 Nf5 18.cxd5 exd5 19.Ne5 Rc8 20.Ra2 f6 21.Nc6 Qd6 22.Nc2 
Ne7 23.Nxe7+ Rxe7 24.Ne1 f5 25.Nf3 Nxd2 26.Qxd2 c6 27.Kf2 Rec7 28.bxc6 
Rxc6 29.Rxc6 Qxc6 30.Ne5 Bxe5 31.fxe5 b5 32.axb5 Qxb5 33.Qxa5 Qc4 34.Qa6 
Kf8 35.Qf6+ Kg8 36.Ra7 Qc2+ 37.Kg3 1-0

[Event "Coupe 2000"]
[Site "?"]
[Date "2003.02.16"]
[Round "1"]
[White "Pagnoncelli, Herve"]
[Black "Artis, Francois"]
[Result "1-0"]
[WhiteElo "1830"]
[BlackElo "1740"]
[Annotator "Condom/Tournefeuille"]
[PlyCount "68"]

1.d4 d5 2.Nf3 Nf6 3.c4 c6 4.e3 h6 5.Bd3 Nbd7 6.Nbd2 Qc7 7.e4 e5 8.exd5 
cxd5 9.dxe5 Ng4 10.O-O Bc5 11.cxd5 Ngxe5 12.Nxe5 Nxe5 13.Bb5+ Bd7 14.Bxd7+
Qxd7 15.Re1 f6 16.Nc4 O-O 17.Nxe5 fxe5 18.Be3 Bxe3 19.Rxe3 Qd6 20.Qb3 b6 
21.Rc1 Kh8 22.Rc6 Rac8 23.Qc3 Qxd5 24.Rxc8 Qd1+ 25.Re1 Qxe1+ 26.Qxe1 Rxc8 
27.g3 Re8 28.f4 e4 29.Qe3 Kg8 30.Kf2 Kf7 31.Qb3+ Kf6 32.Ke3 Re7 33.Qd5 Re6
34.g4 Re7 1-0

[Event "Coupe 2000"]
[Site "?"]
[Date "2003.02.16"]
[Round "1"]
[White "Bonnaud, Rene"]
[Black "Rouede, Gilbert"]
[Result "1/2-1/2"]
[WhiteElo "1360"]
[BlackElo "1880"]
[Annotator "Cahors/Auch"]
[PlyCount "108"]

1.c4 e5 2.e4 Nf6 3.d3 g6 4.Be2 Bg7 5.Nf3 d6 6.Bd2 O-O 7.Qc1 Nbd7 8.Bh6 a5 
9.Bxg7 Kxg7 10.O-O Nc5 11.b3 Bg4 12.Qc2 Qe7 13.Ne1 Bd7 14.Nc3 c6 15.Na4 
Nxa4 16.bxa4 b5 17.axb5 cxb5 18.cxb5 Bxb5 19.a4 Rfc8 20.Qa2 Bd7 21.Nf3 Be6
22.Qd2 h6 23.Rfc1 Qa7 24.Qe3 Rxc1+ 25.Rxc1 Qb7 26.Qd2 Bd7 27.Qd1 Qb4 28.
Ra1 Rc8 29.Nd2 d5 30.exd5 Nxd5 31.Nc4 Nc3 32.Qe1 f6 33.Kf1 e4 34.Ne3 Bxa4 
35.dxe4 Nxe2 36.Qxb4 axb4 37.Rxa4 Nd4 38.g3 Nc6 39.Ra6 b3 40.Rb6 Nd4 41.
Nd5 Rc6 42.Rb7+ Kf8 43.Kg2 Rc2 44.Nxf6 b2 45.Nh7+ Ke8 46.Nf6+ Kd8 47.Ng4 
Ne2 48.Ne3 Rd2 49.Nc4 Rc2 50.Rxb2 Rxb2 51.Nxb2 Kd7 52.Kf3 Nd4+ 53.Kg2 Ke6 
54.f3 Nc6 1/2-1/2

[Event "Coupe 2000"]
[Site "?"]
[Date "2003.02.16"]
[Round "3"]
[White "Golic, Nadil"]
[Black "Surre, Frederic"]
[Result "0-1"]
[WhiteElo "1950"]
[BlackElo "1740"]
[Annotator "Auch/Lardenne"]
[PlyCount "42"]

1.d4 Nf6 2.c4 g6 3.Nc3 Bg7 4.e4 d6 5.Nf3 O-O 6.Bg5 h6 7.Bh4 c5 8.dxc5 dxc5
9.Qxd8 Rxd8 10.e5 Nfd7 11.O-O-O Nc6 12.Nd5 Ndxe5 13.Nxe5 Bxe5 14.Nxe7+ Kh7
15.Rxd8 Nxd8 16.Bd3 Ne6 17.Nd5 Nf4 18.Nxf4 Bxf4+ 19.Kc2 Be6 20.Bf6 Re8 21.
g3 Bc7 0-1